000 03640nam0a2200541 4500
001 RU\NLR\BIBL_A\011985271
005 20260407094426.0
020 _aRU
_9Ленинград в Великой Отечественной войне. Коллекция. Афиши
035 _a(NLR Aleph) 011985271
090 _a11329658
_c11329658
100 _a20190410d1943 u y0rusy50 ca
101 0 _arus
102 _aRU
105 _ay z 000zy
135 _acrcn 024anaba
200 1 _aВыездные спектакли театра Краснознаменного Балтфлота, 19 июля 1943 г. К. Симонов (Лауреат Сталинской премии). "Русские люди": пьеса в 3 действиях 9 картинах. Постановка заслуженного артиста РСФСР А.В. Пергамент (орд.) и заслуженного артиста РСФСР В.И. Честнокова. Художник - В.М. Коваленко (орд.).
_e[афиша]
_fКлуб имени Серго Орджоникидзе
210 _a[Ленинград]
_cТипография Картфабрики Госгеолиздата
_d1943
215 _a1 л.
_d30х41
300 _aНачало в 19 часов. Предварительная продажа билетов ежедневно в кассе Клуба С. Орджоникидзе с 14 до 21 час.
300 _aЗак. № 218
325 _aКопия доступна в Электрон. б-ке РНБ
500 1 0 _6z77702
_aРусские люди
606 1 _aТеатральная жизнь
_jАфиши
_yЛенинград, город
_z1941 - 1944
_92398624
_3RU\NLR\AUTH\6601649837
686 _aЩ333(2Р=Рус)7-692Ленинград
702 1 _4005
_8rus
_7ca
_aСимонов
_bК. М.
_cписатель
_f1915-1979
_gКонстантин Михайлович
_3RU\NLR\AUTH\778243
_9118155
702 1 _4005
_aПергамент
_bА. В.
_cтеатр. режиссер
_f1906-1969
_gАлександр Викторович
_9202271
_3RU\NLR\AUTH\770202322
702 1 _4005
_7ca
_8rus
_aЧестноков
_bВ. И.
_cактер
_f1904-1968
_gВладимир Иванович
_9202277
_3RU\NLR\AUTH\770202328
702 1 _4040
_7ca
_8rus
_aКоваленко
_bВ. М.
_cтеатр. художник, фотограф
_f1908-1966
_gВячеслав Михайлович
_9202284
_3RU\NLR\AUTH\770202335
710 0 2 _aТеатр Краснознаменного Балтийского флота
_3RU\NLR\AUTH\889919681
_9335604
712 0 2 _4570
_aКлуб им. С. Орджоникидзе
_cЛенинград
_9657467
_3RU\NLR\AUTH\880498846
852 _aNLR
_jЛ3-330а/10/3/1943-июль(7)
856 0 _uhttp://vivaldi.nlr.ru/la700000308/view
856 1 _uhttp://vivaldi.nlr.ru/la700000308/cover
856 2 _uhttp://vivaldi.nlr.ru/la700000308/text
942 _cVISUAL
945 _aРоссийская национальная библиотека
980 _aNB
980 _aBV
980 3 _akplen
980 3 _akp
981 3 7 _a(37) Ленинград в Великой Отечественной войне
_b(37) Афиши блокадного Ленинграда